000 00254nam a2200097Ia 4500
001 643340
005 20250826153544.0
008 250824s9999 xx 000 0 und d
245 0 _aMALAZGİRTİN ÜÇ ATLISI
_cAHMET YILMAZ BOYUNAĞA
260 _bGENÇ TİMAŞ
999 _c643340
_d643340